แสดงรายละเอียดบรรณานุกรม
  กลับหน้าหลัก

Brief Record : Get Marc (ISO 2709) : E-mail record : QR code ปิดหน้าต่าง
E-books : เกี่ยวกับ Collections
LEADER 00000nama 2200000uu 4500
001    204486
003     ULIBM
008    040531s|||| th m m a000 0 tha d
041    tha
050    WT 500 ร924 2553.
100    เทพสรรค์ สีอร่ามรุ่งเรือง.
245    โรคเรื้อรังทางอายุรกรรม 2 การประชุมวิชาการ = Internal Medicine Day 8 มิถุนายน 2553/เทพสรรค์ สีอร่ามรุ่งเรือง,เศกสรรค์ ชัยสุขสันต์และปาริชาต พงษ์ไทย.
260    ขอนแก่น. ขอนแก่นการพิมพ์. 2553.
300    184 หน้า.
600    1.โรงพยาบาลขอนแก่น - - กลุ่มงานอายุรกรรม.
650    1.โรคเรื้อรัง - - การรักษา. 2.ผู้ป่วยโรคเรื้อรัง - - การดูแล.
995    001
รายการนี้ยังไม่มีแท็ก
คุณยังไม่ได้ล็อกอิน คุณสามารถมีกิจกรรมร่วมกับเว็บไซต์ได้ แต่ต้องล็อกอินก่อน ::
  ล็อกอิน
ลำดับที่ ประเภท เลขเรียก สถานที่ สถานะ
1. หนังสือทั่วไป
หนังสือทั่วไป
WT 500 ร924 2553 ฉ.3 
  
หนังสือทั่วไป On Shelf
  ขอยืม
2. หนังสือทั่วไป
หนังสือทั่วไป
WT 500 ร924 2553.  
  
หนังสือทั่วไป On Shelf
  ขอยืม
3. หนังสือทั่วไป
หนังสือทั่วไป
WT 500 ร924 2553.  
  
หนังสือทั่วไป On Shelf
  ขอยืม
   [แสดง 3/3 รายการ]

BibComment


ยังไม่เคยถูกคอมเมนท์

คอมเมนท์ทรัพยากรรายการนี้
  คอมเมนท์: โรคเรื้อรังทางอาย..
Bib 204486

 
 
 

 Union Library Management : ULibM
Copyright 2026. All Rights Reserved.
скачать бесплатно без регистрации порно красивый секс HD Sex Hindi sex

xxx gou

xxxx

bfxxx

xxxwww

Секса Видео

xxxx

Секса Видео

detube

geilexxx

C99 Shell

worms shell

blod xxx video
Ebony Coed Rihanna Rimes Takes A Dick In Her Young Twat priyaa indian fuck anal and pusssy hardcore indian women xxx desi hardcore fucking part 1 bengalixxxcouple